000 01285nam0a22003131 4500
001 rc\3810956
005 20260408003133.0
021 _aRU
_bРг1362-77
021 _aRU
_b76-ОЭ-241/21
035 _a(NLR Aleph) 007261073
090 _a5308235
_c5308235
100 _a20120329d1976 u y0rusy50 ca
101 0 _arus
102 _aRU
105 _aa z |||||
200 1 _aПространственная жесткость и устойчивость многоэтажных зданий различных конструктивных систем
_e[Докл.
210 _aМосква
_cБ. и.
_d1976]
215 _a20 с.
_cил.
_d29
225 1 _aСимпозиум по многоэтажным зданиям
300 _aНа 3-й л. авт.: проф. Дроздов П.Ф., к. т. н. Лишак В.И.
320 _aБиблиогр.: л. 16
700 1 _aДроздов
_bП.Ф.
_gПавел Филаретович
701 1 _aЛишак
_bВ.И.
_gВадим Израилевич
712 1 2 _a"Многоэтажные здания", международный симпозиум
_d3
_f1976
_eМосква
_3RU\NLR\AUTH\8810167639
_9831091
801 0 _aRU
_bNLR
_gpsbo
801 1 _aRU
_bELAR
_2rusmarc
852 _aNLR
_j77-8/124
942 _cBOOK
980 _aNB